Human nutrition : (Record no. 12243)
[ view plain ]
| 000 -LEADER | |
|---|---|
| fixed length control field | 00848nam a2200265 4500 |
| 001 - CONTROL NUMBER | |
| control field | 12243 |
| 003 - CONTROL NUMBER IDENTIFIER | |
| rucl marc code | BD-RjUL |
| 005 - DATE AND TIME OF LATEST TRANSACTION | |
| control field | 20211208235247.0 |
| 008 - FIXED-LENGTH DATA ELEMENTS--GENERAL INFORMATION | |
| fixed length control field | 140128s1973 ii a b 000 0 eng |
| 020 ## - INTERNATIONAL STANDARD BOOK NUMBER | |
| International Standard Book Number | 0876920067 |
| 035 ## - SYSTEM CONTROL NUMBER | |
| System control number | (BD-RjUL)12292 |
| 040 ## - CATALOGING SOURCE | |
| Original cataloging agency | DLC |
| Transcribing agency | DLC |
| Modifying agency | BD-RjUL |
| Language of cataloging | eng |
| 041 ## - LANGUAGE CODE | |
| Language code of text/sound track or separate title | eng |
| 082 00 - DEWEY DECIMAL CLASSIFICATION NUMBER | |
| Classification number | 613.2 |
| Author mark and year | MCH 1973 |
| Edition number | 23 |
| 100 1# - MAIN ENTRY--PERSONAL NAME | |
| Personal name | McDivitt, Maxine E., |
| Dates associated with a name | 1912- |
| 9 (RLIN) | 38004 |
| 245 10 - TITLE STATEMENT | |
| Title | Human nutrition : |
| Remainder of title | principles and applications in India / |
| Statement of responsibility, etc. | by Maxine E. McDivitt and Sumati Rajagopal Mudambi. |
| 250 ## - EDITION STATEMENT | |
| Edition statement | rev. ed. |
| 260 ## - PUBLICATION, DISTRIBUTION, ETC. (IMPRINT) | |
| Place of publication, distribution, etc. | New Delhi : |
| Name of publisher, distributor, etc. | Prentice-Hall of India, |
| Date of publication, distribution, etc. | c1973. |
| 300 ## - PHYSICAL DESCRIPTION | |
| Pagination | v, 205 p. : |
| Illustrations | ill. ; |
| Size | 24 cm. |
| 504 ## - BIBLIOGRAPHY, ETC. NOTE | |
| Bibliography, etc | Includes bibliographical references. |
| 650 #0 - SUBJECT ADDED ENTRY--TOPICAL TERM | |
| Topical term or geographic name as entry element | Nutrition. |
| 9 (RLIN) | 38005 |
| Topical term or geographic name as entry element | Diet |
| Geographic subdivision | India. |
| 9 (RLIN) | 38006 |
| 700 1# - ADDED ENTRY--PERSONAL NAME | |
| Personal name | Mudambi, Sumati Rajagopal, |
| Relator term | joint author. |
| 942 ## - ADDED ENTRY ELEMENTS (KOHA) | |
| Source of classification or shelving scheme | Dewey Decimal Classification |
| Koha item type | Books |
| Lost status | Source of classification or shelving scheme | Damaged status | Not for loan | Collection code | Permanent Location | Current Location | Shelving location | Date acquired | Source of acquisition | Cost, normal purchase price | Total Checkouts | Full call number | Date last seen | Copy number | Koha item type |
|---|---|---|---|---|---|---|---|---|---|---|---|---|---|---|---|
| Dewey Decimal Classification | Non-fiction | Central Library, University of Rajshahi | Central Library, University of Rajshahi | 12/10/1976 | K. P. Bagchi | 10.00 | 613.2 MCH 1973 | 28/01/2014 | C-3 | Books | |||||
| Dewey Decimal Classification | Non-fiction | Central Library, University of Rajshahi | Central Library, University of Rajshahi | 12/10/1976 | K P Bagchi & Co. | 35.00 | 613.2 MCH 1973 | 29/01/2014 | C-4 | Books | |||||
| Dewey Decimal Classification | Non-fiction | Central Library, University of Rajshahi | Central Library, University of Rajshahi | 12/10/1976 | K.P. Bagahi and Co. Calcuta | 10.00 | 613.2 MCH 1973 | 03/04/2014 | C-2 | Books | |||||
| Dewey Decimal Classification | Not For Loan | Non-fiction | Central Library, University of Rajshahi | Central Library, University of Rajshahi | Reading Room | 12/11/1976 | k.p. Bagchi and cal. | 10.00 | 613.2 MCH 1973 | 27/05/2017 | C-1 | Books | |||
| Dewey Decimal Classification | Non-fiction | Central Library, University of Rajshahi | Central Library, University of Rajshahi | 12/10/1976 | k.p. Bagchi and cal. | 10.00 | 613.2 MCH 1973 | 27/05/2017 | C-5 | Books | |||||
| Dewey Decimal Classification | Non-fiction | Central Library, University of Rajshahi | Central Library, University of Rajshahi | 12/10/1976 | k.p. Bagchi and cal. | 10.00 | 613.2 MCH 1973 | 27/05/2017 | C-6 | Books | |||||
| Dewey Decimal Classification | Non-fiction | Central Library, University of Rajshahi | Central Library, University of Rajshahi | 12/10/1976 | k.p. Bagchi and cal. | 10.00 | 613.2 MCH 1973 | 27/05/2017 | C-7 | Books | |||||
| Dewey Decimal Classification | Non-fiction | Central Library, University of Rajshahi | Central Library, University of Rajshahi | 12/10/1976 | k.p. Bagchi and cal. | 10.00 | 613.2 MCH 1973 | 27/05/2017 | C-8 | Books | |||||
| Dewey Decimal Classification | Non-fiction | Central Library, University of Rajshahi | Central Library, University of Rajshahi | 12/10/1976 | k.p. Bagchi and cal. | 10.00 | 613.2 MCH 1973 | 27/05/2017 | C-9 | Books |